LEADER 01005cam0 2200265 450 001 E600200025007 005 20200825072913.0 010 $a3511006856 100 $a20070202d1972 |||||ita|0103 ba 101 $ager 102 $aIT 200 1 $aRevolution und Restauration uber die Suveranitat$eeine weitere Quellensammlung uber den Begriff der hochsten Gewalt und zugleich ein Beitrag zur Geschichte der Staatstheorien$fAdolf Dock 210 $aAalen$cScientia Verlag$d1972 215 $aXV, 271 p.$d22 cm 300 $aRipr facs. dell'ed.: Strassburg, 1900 700 1$aDock$b, Adolf$3A600200040628$4070$0239221 801 0$aIT$bUNISOB$c20200825$gRICA 850 $aUNISOB 852 $aUNISOB$j900$m62129 912 $aE600200025007 940 $aM 102 Monografia moderna SBN 941 $aM 957 $a900$b001950$gSi$d62129$racquisto$1pregresso1$2UNISOB$3UNISOB$420070202121959.0$520200825072913.0$6rovito 996 $aRevolution und Restauration uber die Suveranitat$9659026 997 $aUNISOB